000 01008cam a2200289 a 4500
001 15584592
005 20170105102911.0
008 090113s2009 pk b 001 0 eng
010 _a 2008327809
020 _a9780195476255
025 _aP-E-2008327809; 24
040 _aDLC
_cDLC
042 _alcode
043 _aa-pk---
050 0 0 _aDS380.2
_b.P35 2009
245 0 0 _aPakistani diasporas culture, conflict, and change /
_cedited by Virinder S. Kalra.
260 _aKarachi :
_bOxford University Press,
_c2009.
300 _aviii, 379 p. ;
_c23 cm.
490 0 _aOxford in Pakistan readings in Sociology and Social Anthropology
504 _aIncludes bibliographical references (p. [335]-356) and index.
650 0 _aPakistanis
_zForeign countries.
650 0 _aPakistanis
_xMigrations.
700 1 _aKalra, Virinder S.
906 _a7
_bcbc
_corigode
_d3
_encip
_f20
_gy-gencatlg
942 _2ddc
_cBK
999 _c15135
_d15135